[Event "SVK-ch Blitz"]
[Site "Nitra"]
[Date "2022.10.29"]
[Round "10"]
[White "Kovac, Lubomir2222"]
[Black "Sosovickova, Jana"]
[Result "1-0"]
[WhiteElo "2000"]
[BlackElo "1753"]
[PlyCount "91"]
[EventDate "2022.10.29"]
[EventType "swiss"]
[EventRounds "13"]
[EventCountry "SVK"]
[SourceTitle "EXT 2024"]
[Source "ChessBase"]
[SourceDate "2023.10.10"]
[SourceVersion "1"]
[SourceVersionDate "2023.10.10"]
[SourceQuality "1"]

1. d4 d5 2. Nf3 Nf6 3. c4 e6 4. Nc3 c6 5. Bg5 Be7 6. e3 Nbd7 7. Rc1 h6 8. Bh4 0-0 9. Bd3 Re8 10. 0-0 b6 11. cxd5 exd5 12. Qa4 Bb7 13. b4 a5 14. b5 c5 15. Rfe1 c4 16. Bb1 Rc8 17. Qc2 Nf8 18. Ne5 N6d7 19. Bxe7 Qxe7 20. f4 f6 21. Ng6 Nxg6 22. Qxg6 Nf8 23. Qg3 Qd6 24. Bf5 Rc7 25. Qf3 Rce7 26. Re2 Rd8 27. Rce1 Bc8 28. Bxc8 Rxc8 29. Qxd5+ Qxd5 30. Nxd5 Re6 31. f5 Ree8 32. Nxb6 Rc7 33. Nd5 Rb7 34. a4 Rd8 35. e4 Nd7 36. Rc1 Nb6 37. Nxb6 Rxb6 38. Rxc4 Rbd6 39. d5 Kf8 40. Kf2 Ke7 41. Rc7+ R8d7 42. Rxd7+ Rxd7 43. Rc2 Kd6 44. Ke3 Ke5 45. Rc6 Ra7 46. Re6# 1-0